000 00626nam a2200229Ia 4500
003 OSt
005 20220918192352.0
006 a|||||r|||| 00| 0
007 ta
008 220917b |||||||| |||| 00| 0 eng d
024 _a68,109
037 _cTextual
040 _aARTS
_cARTS
_beng
041 _2eng
_aeng
082 _aO:2J64:9z7, J83
100 _aKnight G Wilson
_911509
245 0 _aCrown of life
_b Essays in interpretation of Shakespeare's final plays
260 _c1958
650 _aENGLISH LITERATURE
942 _hO:2J64:9z7, J83
_cTEXL
_2CC
999 _c194298
_d194298